International Management: Text and Cases (Record no. 6121)

MARC details
005 - DATE AND TIME OF LATEST TRANSACTION
control field 20250628164349.0
020 ## - INTERNATIONAL STANDARD BOOK NUMBER
International Standard Book Number 0256087512
082 ## - DEWEY DECIMAL CLASSIFICATION NUMBER
Classification number 658.49 BEA
100 ## - MAIN ENTRY--PERSONAL NAME
Author name BEAMISH,W.P.
245 ## - TITLE STATEMENT
Title International Management: Text and Cases
260 ## - PUBLICATION, DISTRIBUTION, ETC.
Place of publication, distribution, etc. New York
Name of publisher, distributor, etc. IRWIN
Date of publication, distribution, etc. 1991
300 ## - PHYSICAL DESCRIPTION
Extent xvi,592p.
Other physical details Index
Dimensions 23cm.
700 ## - ADDED ENTRY--PERSONAL NAME
Other authors/Editors KILLING,J, LECRAW ,D. & CROOKELL,H.
942 ## - ADDED ENTRY ELEMENTS (KOHA)
Source of classification or shelving scheme Dewey Decimal Classification
Koha item type Books
Holdings
Date last seen Total checkouts Full call number Barcode Cost, replacement price Price effective from Koha item type Lost status Source of classification or shelving scheme Damaged status Not for loan Withdrawn status Home library Current library Shelving location Date acquired Source of acquisition Cost, normal purchase price
06/28/2025   658.49 BEA DOM0001277 30000.00 06/28/2025 Books   Dewey Decimal Classification       CBE Dodoma CBE Dodoma General Collection 01/07/1996 Library budget 10000.00